00549nam a2200169Ia 450000500170000000800460001703700290006304000200009204100130011208400250012524500570015026000090020730000130021694200230022999900210025295201060027320250508155936.0008 250505s9999 xx 000 0 eng d aBooks to be hide in OPAC aFEDLbengcFEDL aeng2eng a378.545, PUN/OqFEDL 0aPunjab university enquiry committee, 1932-33: Report c1933 avi,887p. cHBh378.545, PUN/O c1360275d1360275 00104070aFEDLbFEDLd2025-05-08l0o378.545, PUN/OpEL0046076r2025-05-08 15:59:36w2025-05-08yHB